Mares e islas : fauna cosmopolita y endemismos

Guardado en:
Formato: Libro
Publicado: Madrid : Rueda, 2004
Materias:
Etiquetas: Agregar Etiqueta
Sin Etiquetas, Sea el primero en etiquetar este registro!
LEADER 00761nam a22002415a 4500
001 CEM.cems017984
005 20130416103248.0
008 130507s2004##################000#0#####d
003 CEMS
020 |a 8484472655 
082 0 4 |a 591.7163 
245 0 0 |a Mares e islas :  |b fauna cosmopolita y endemismos 
260 |a Madrid :  |b Rueda,  |c 2004 
300 |a 191 p. 
505 0 |a El mar abieto, fauna viajera -- Las costas marinas, un lugar para cada uno -- Paraísos independientes, las islas y su fauna 
653 |a Animales 
653 |a Fauna marina 
653 |a Fauna de los mares 
653 |a Fauna-hábitat 
653 |a Mares-fauna 
653 |a Islas-fauna 
653 |a Fauna de las islas 
859 |a CEMS  |b BIB. CEMS - Agricultura  |h 591.7163  |i An546  |p A1829.13  |t Ej.1